000 01473nam a2200289Ia 4500
001 18137
003 GE_BSU
008 181216s||||||||xx |||||||||||||| ||und||
020 _a978-9941-10-103-8
040 _cGE_BSU
080 _a821.353.1-9281:1
100 _aბრეგაძე, კონსტანტინე
245 _aლიტერატურული და ენისფილოსოფიური ნარკვევები = Literarische und sprachphilosophische Beitrage
245 _bნოვალისი, ი.ვ. გოეთე, ვ. ფონ ჰუმბოლდტი
245 _cრედ. მანანა პაიჭაძე
260 _aთბილისი
260 _bმერიდიანი
260 _c2009
300 _a300გვ. ; 21სმ.
300 _eბიბლიოგრ. თავების ბოლოს
520 _aპარალ. თავფურ. გერმ..
541 _h10ლ.
653 _aგერმანული ლიტერატურის ისტორია და კრიტიკა; ენის ფილოსოფია
653 _aლიტერატურული და ენისფილოსოფიური ნარკვევები
653 _aნოვალისი; გოეთე იოჰან ფოლფგანგ; ჰუმბოლდტი ვილჰელმ ფონ
942 _cBK
999 _c51178
_d51178